English - Russian dictionary

Uloženo v:
Podrobná bibliografie
Hlavní autor: V K Muller
Médium: Kniha
Jazyk:Undetermined
Vydáno: Moscow Russian Language 1982
Témata:
Tagy: Přidat tag
Žádné tagy, Buďte první, kdo otaguje tento záznam!
Thư viện lưu trữ: Trung tâm Học liệu Trường Đại học Cần Thơ
LEADER 00510nam a2200181Ia 4500
001 CTU_26057
008 210402s9999 xx 000 0 und d
082 |a 423 
082 |b M685 
100 |a V K Muller 
245 0 |a English - Russian dictionary 
245 0 |c V K Muller 
260 |a Moscow 
260 |b Russian Language 
260 |c 1982 
650 |a english language - dictionaries,russian language - dictionaries 
904 |i Minh, 981006 
980 |a Trung tâm Học liệu Trường Đại học Cần Thơ